Southville International School and Colleges
Your cart is empty.
  • Cart
  • Lists
    Public lists Eva Luna New books Lux_list list_1
    Your lists Log in to create your own lists
  • Log in to your account
  • Your cookies
  • Search history
Southville International School and Colleges
  • Advanced search
  • Recent comments
  • Most popular
  • Libraries

Log in to your account

Log in with GOOGLE


If you do not have an external account, but do have a local account, you can still log in:

  1. Home
  2. MARC view: Questions and answers on parenting :
Normal view MARC view ISBD view

Questions and answers on parenting : (Record no. 1737)

[ view plain ]
MARC details
000 -LEADER
fixed length control field 00590nam a22001937a 4500
003 - CONTROL NUMBER IDENTIFIER
control field OSt
005 - DATE AND TIME OF LATEST TRANSACTION
control field 20140310181715.0
008 - FIXED-LENGTH DATA ELEMENTS--GENERAL INFORMATION
fixed length control field 121214t xxu||||| |||| 00| 0 eng d
020 ## - INTERNATIONAL STANDARD BOOK NUMBER
International Standard Book Number 9715693415
050 ## - LIBRARY OF CONGRESS CALL NUMBER
Classification number HQ 755.8
Item number .T161 1999
082 ## - DEWEY DECIMAL CLASSIFICATION NUMBER
Classification number FIL 302.874
Item number T15 1999
100 ## - MAIN ENTRY--PERSONAL NAME
Personal name Tan, Emma R.
245 ## - TITLE STATEMENT
Title Questions and answers on parenting :
Statement of responsibility, etc Emma R. Tan
Remainder of title a handbook for parents, teachers, and everyone involved with children /
260 ## - PUBLICATION, DISTRIBUTION, ETC. (IMPRINT)
Place of publication, distribution, etc Makati City :
Name of publisher, distributor, etc Bookmark,
Date of publication, distribution, etc c1999.
300 ## - PHYSICAL DESCRIPTION
Extent 377 p. :
Other physical details ill. ;
Dimensions 21 cm.
650 ## - SUBJECT ADDED ENTRY--TOPICAL TERM
Topical term or geographic name as entry element Parenting
942 ## - ADDED ENTRY ELEMENTS (KOHA)
Source of classification or shelving scheme Library of Congress Classification
Koha item type Books
Holdings
Withdrawn status Lost status Source of classification or shelving scheme Damaged status Home library Current library Shelving location Date acquired Total Checkouts Full call number Barcode Date last seen Copy number Price effective from Koha item type
    Library of Congress Classification   Luxembourg Library Luxembourg Library Filipiniana Section 06/26/2013   HQ 755.8 .T161 1999 15322 08/13/2013 1 06/26/2013 Books

Questions and answers on parenting :

APA

Tan E. R., . (1999). Questions and answers on parenting. Makati City: Bookmark.

Chicago

Tan Emma R, . 1999. Questions and answers on parenting. Makati City: Bookmark.

Harvard

Tan E. R., . (1999). Questions and answers on parenting. Makati City: Bookmark.

MLA

Tan Emma R, . Questions and answers on parenting. Makati City: Bookmark. 1999.

  • Place hold
  • Print
  • Cite
  • Add to your cart (remove)
  • Save record
    BIBTEX Dublin Core MARCXML MARC (non-Unicode/MARC-8) MARC (Unicode/UTF-8) MARC (Unicode/UTF-8, Standard) MODS (XML) RIS
  • More searches
    Search for this title in:
    Other Libraries (WorldCat) Other Databases (Google Scholar) Online Stores (Bookfinder.com) Open Library (openlibrary.org)

Exporting to Dublin Core...

SOUTHVILLE LIBRARY

Southville International School and Colleges Library

1281 Tropical Ave. Cor. Luxembourg St., BF Homes International, Las Pinas City

Tel. No. 8256374 / 252358 Loc. 117/146

Powered by Koha